000 00900nam a2200193 i 4500
001 184775
003 ES-MaACL
005 20250901093442.0
008 151211s1831 sp |||| | spa d
080 _a336.764(460)
110 1 _aEspaña.
_tLey de creación y organización de la Bolsa de Negociación Pública y Colegio de Agentes de Cambios de Madrid, 1831.
_9158347
245 1 0 _aLey de creación y organización de la Bolsa de Negociación Pública y Colegio de Agentes de Cambios de Madrid, decretada en 10 de octubre de 1831.
260 _aMadrid :
_b[s.n.],
_c1831 (
_fOficina de León Amarita)
300 _a70 ;
_c22 cm.
594 _aEn antep.: "Apéndice al Código de comercio"
610 2 7 _aBolsa Oficial de Comercio de Madrid
_2
_9147501
852 4 _aES-MaACL
_jT-139-F-11
_z- Enc. en un vol. facticio, falto de cub. original
_z- Donat. Gallardo
999 _c184775
_d184775